000 00550nam a2200217Ia 4500
003 OSt
005 20230613144202.0
008 210423s2007 xx 000 0 und d
020 _a817654892
040 _cAL
041 _aeng
082 _a574.1921
_223
_b BERI
100 _aBERTINI (Ivano);others.
_941525
245 _aBioinorganic chemistry.
260 _aNew Delhi
_bViva Books Pvt Ltd
_c2007
300 _aviii,611
_bPB
365 _b395
_cINR
650 _aBiochemistry
_941526
906 _aBioinorganic ; chemistry
942 _2ddc
_cBK
999 _c153600
_d153600